Efektívna úroková miera v účtovníctve podnikateľov v SR
Od platnosti nového zákona o účtovníctve (431/2002) slovenská legislatíva začína pracovať s pojmom efektívna úroková miera. Efektívna úroková miera - výklad pojmu. Pojem bol zavedený do účtovníctva v súvislosti s potrebou oceňovania majetku a záväzkov v ich súčasnej hodnote.
Saved in:
| Main Author: | |
|---|---|
| Format: | Book Chapter |
| Language: | Slovak |
| Subjects: | |
| Tags: |
No Tags, Be the first to tag this record!
|
MARC
| LEADER | 00000naa$a2200000$$$4500 | ||
|---|---|---|---|
| 001 | 0075408 | ||
| 005 | 20240502071902.4 | ||
| 041 | 0 | |a slo | |
| 044 | |a SK | ||
| 245 | 1 | 0 | |a Efektívna úroková miera v účtovníctve podnikateľov v SR |c František Maděra |
| 520 | |a Od platnosti nového zákona o účtovníctve (431/2002) slovenská legislatíva začína pracovať s pojmom efektívna úroková miera. Efektívna úroková miera - výklad pojmu. Pojem bol zavedený do účtovníctva v súvislosti s potrebou oceňovania majetku a záväzkov v ich súčasnej hodnote. | ||
| 610 | 2 | 0 | |a účtovníctvo |
| 610 | 2 | 0 | |a podnikatelia |
| 610 | 2 | 0 | |a miera úroková |
| 610 | 2 | 0 | |a efektívnosť |
| 610 | 2 | 0 | |a oceňovanie ekonomické |
| 100 | 1 | |a Maděra, František | |